Search the Library Catalogue
| 000 -LEADER | |
|---|---|
| fixed length control field | 00543nam a2200193Ia 4500 |
| 008 - FIXED-LENGTH DATA ELEMENTS--GENERAL INFORMATION | |
| fixed length control field | 210417s9999 xx 000 0 und d |
| 020 ## - INTERNATIONAL STANDARD BOOK NUMBER | |
| International Standard Book Number | 9781493931477 |
| -- | 1493931474 |
| 082 ## - DEWEY DECIMAL CLASSIFICATION NUMBER | |
| Classification number | 572.88 MED |
| Item number | 22.572.88 MED |
| 245 #0 - TITLE STATEMENT | |
| Title | RNA imaging : methods and protocols |
| Statement of responsibility, etc. | RNA imaging methods and protocols |
| 250 ## - EDITION STATEMENT | |
| Remainder of edition statement | "xi, 218 p. : ill. (some col.) ; 27 cm., hbk." |
| 260 ## - PUBLICATION, DISTRIBUTION, ETC. | |
| Place of publication, distribution, etc. | New York |
| Name of publisher, distributor, etc. | Humana Press |
| Date of publication, distribution, etc. | 2016 |
| 700 ## - ADDED ENTRY--PERSONAL NAME | |
| Personal name | "Medarova, Zdravka" |
| Numeration | edited by Zdravka Medarova |
| Withdrawn status | Lost status | Source of classification or shelving scheme | Damaged status | Not for loan | Home library | Current library | Shelving location | Date acquired | Total Checkouts | Full call number | Barcode | Date last seen | Price effective from | Koha item type |
|---|---|---|---|---|---|---|---|---|---|---|---|---|---|---|
| Dewey Decimal Classification | Anna Centenary Library | Anna Centenary Library | 5TH FLOOR, A WING | 17.04.2021 | 572.88 MED | 584105 | 17.04.2021 | 17.04.2021 | Books |